000 00860 a2200277 4500
502 _aThèse de Doctorat
260 _aWageningen
653 1 _aAgronomie
100 _aMUKABANA, Wolfgang Richard
041 _bEn
260 _bUniversité de Wageningen
300 _a142 P.
245 _aDifferential attractiveness of humas to the African malaria vector anopheles gambiae Giles : effects of host characteristics and parasite infection
650 _aMALARIA
650 _aPARASITE INFECTION
650 _aMALARIA VECTOR
260 _c02 d2CEMBRE 2002
300 _bIll., Couv. ill. ; 24 cm
130 _lEn
040 _aSupport
041 _bEn
653 1 _aNutrition et Sciences Alimentaires
100 _uAbomey-Calavi, Université d'Abomey-Calavi, Faculté des Sciences Agronomiques, Bj
020 _a90-5808-754-9
999 _c31852
_d31852